A tudomány jövője a kognitív tudomány példája a tudományok tagolódásáról és diverzifikálásáról
Elmentve itt :
| Szerző: | |
|---|---|
| Adatforrás: | Philobibl |
| Forrásdokumentuma: | Magyar Tudomány 168.2007:9. p. 1118-1129. |
| Dokumentumtípus: | Cikk |
| Nyelv: | magyar |
| Kulcsszavak: | kognitív tudomány diverzifikáció tudományelmélet |
| Megjelent: |
2007
|
| LEADER | 00488nab a2200145 c 4500 | ||
|---|---|---|---|
| 001 | bibPHI0032401 | ||
| 005 | 20200924123029.7 | ||
| 008 | 080821s2007 hu hun | ||
| 100 | 1 | |a Pléh Csaba | |
| 245 | 1 | 2 | |a A tudomány jövője |b a kognitív tudomány példája a tudományok tagolódásáról és diverzifikálásáról |c Pléh Csaba |
| 260 | |a 2007 | ||
| 695 | |a kognitív tudomány | ||
| 695 | |a diverzifikáció | ||
| 695 | |a tudományelmélet | ||
| 773 | 0 | |t Magyar Tudomány |g 168.2007:9. p. 1118-1129. | |